000 00857cam a22002175a 4500
001 L156128
008 120501s1870 xxk f 000 0 eng d
035 _a(Sirsi) u156128
041 0 _aeng
100 1 _aPenfold, Charles
_d1799-1864
245 0 0 _aPenfold on rating
_bPractical remarks upon the principle of rating railway, gas, water, and other companies; land, titles, buildings, manufactories, and other properties liable to be assessed towards the relief of the poor
250 _a6th ed.
_brewritten and extended by John Thomas Kershaw and William Marshall
260 _aLondon
_bKnight
_c[1870]
300 _axx, 304 p.
_c23 cm.
583 _aCondition reviewed
_c20120620
_lcondition level 3
651 4 _aGreat Britain
_y1707-
690 _aFinance and taxation
700 1 _aKershaw, John Thomas
700 1 _aMarshall, William
942 _n0
999 _c114047
_d114047